| 000 | 01359cam a2200253 4500 | ||
|---|---|---|---|
| 001 | ##L134695 | ||
| 002 | ##10021 | ||
| 008 | 060825n2005 000 0 eng u | ||
| 020 | _a0415336236 | ||
| 035 | _a(Sirsi) u134695 | ||
| 041 | 0 | _aeng | |
| 050 | 0 | 4 | _a690 $2 22 |
| 100 | 1 | _aMillais, Malcolm | |
| 245 | 0 | 0 |
_aBuilding structures _bfrom concepts to design |
| 250 | _a2nd ed. | ||
| 260 |
_aLondon _bSpon Press _c2005 |
||
| 300 |
_avii, 423p. _bill. _c25cm. |
||
| 350 | _a24.99 | ||
| 505 | 0 | _aLoads and load paths -- Internal forces -- Structural element behaviour -- Advanced concepts of stress -- Structural materials -- Safe structures and failure -- Geometry and structural behaviour -- Behaviour of a simple building -- Real structures -- Structural conception -- Structures and built form -- A simple approach to calculations -- The mathematical basis | |
| 520 | _aProvides a detailed appraisal of the structural behaviour of buildings. Looks at the history of structural understanding; applying the concepts of structural behaviour to simple and real buildings; how the concepts define the design process and inform design choices; the diverging of engineering and architecture; numerical calculations for actual structures; and structural theory. Further reading. | ||
| 650 | 4 | _aUNITED KINGDOM | |
| 690 | _aBUILT ENVIRONMENT | ||
| 942 | _n0 | ||
| 999 |
_c105782 _d105782 |
||